Oko za oko : případ pro Jacka Logana /

Po posledním případu zůstaly bývalému detektivu šéfinspektorovi Jacku Loganovi a jeho kolegům šrámy na těle i na duši a Jacka zmáhá pocit viny. Uchýlí se na řídce osídlený ostrov v naději, že svěží vzduch a ticho mu pomohou najít mír a klid.

Uloženo v:
Série:Jack Logan, část 7
Hlavní autor: Kirk, J. D., 1978- (Autor)
Další autoři: Vašková, Hana (Autor)
Médium: Kniha
Jazyk:Czech
Vydáno: Praha : Dobrovský s.r.o., 2026
Edice:Vendeta
Témata:
Celkem bylo vypůjčeno:1x
Příbuzné jednotky:Z cyklu:: Jack Logan
Tagy:
Žádné tagy
LEADER 02605nam a2200457 i 4500
001 106704
003 CZ PrNK
005 20260701133458.0
007 ta
008 260616s2026 xr g 000 f cze
015 |a cnb003764732 
020 |a 9788027761449  |q (vázáno) :  |c Kč 399,00 
040 |a ABG001  |b cze  |d BOA001  |e rda 
041 1 |a cze  |h eng 
072 7 |a 821.111-3  |x Anglická próza, anglicky psaná  |2 Konspekt  |9 25 
080 |a 821.111(410.5)-31  |2 MRF 
080 |a (0:82-312.4)  |2 MRF 
100 1 |a Kirk, J. D.,  |d 1978-  |7 xx0271995  |4 aut  |9 113161 
240 1 0 |a Big man upstairs.  |l Česky 
245 1 0 |a Oko za oko :  |b případ pro Jacka Logana /  |c J.D. Kirk ; přeložila Hana Vašková 
246 3 0 |a Případ pro Jacka Logana 
264 1 |a Praha :  |b Dobrovský s.r.o.,  |c 2026 
300 |a 339 stran ;  |c 21 cm 
336 |a text  |b txt  |2 rdacontent 
337 |a bez média  |b n  |2 rdamedia 
338 |a svazek  |b nc  |2 rdacarrier 
490 1 |a Vendeta 
500 |a Přeloženo z angličtiny 
520 2 |a Po posledním případu zůstaly bývalému detektivu šéfinspektorovi Jacku Loganovi a jeho kolegům šrámy na těle i na duši a Jacka zmáhá pocit viny. Uchýlí se na řídce osídlený ostrov v naději, že svěží vzduch a ticho mu pomohou najít mír a klid.  |b Čerstvého vzduchu a ticha je ale na detektiva ve výslužbě přeci jen trochu moc, a když ho bývalí kolegové požádají, aby znovu stanul v čele týmu vyšetřujícího vraždy, velmi vážně nabídku zvažuje. Když je nalezeno tělo matky a její malé dcerky, nezbývá mu nic jiného než znovu naskočit do sedla a udělat přítrž řádění brutálního vraha dřív, než zaútočí znovu. Svět se však během jeho nepřítomnosti posunul vpřed a chce-li do něj Logan zapadnout, bude ho to stát více úsilí, než si původně představoval. Bude ochotný ho vynaložit? Možná se mu v předčasném důchodu přeci jen nevedlo tak špatně. Nakladatelská anotace. Kráceno. 
655 7 |a skotské romány (anglicky)  |7 fd133439  |2 czenas  |9 136 
655 7 |a detektivní romány  |7 fd132010  |2 czenas  |9 53536 
655 9 |a Scottish fiction (English)  |2 eczenas 
655 9 |a detective novels  |2 eczenas 
700 1 |a Vašková, Hana  |7 xx0205743  |4 trl  |9 110442 
710 2 |a Dobrovský (firma)  |7 olak2017946581  |4 pbl  |9 117120 
787 0 8 |i Z cyklu:  |t Jack Logan  |g 7 
830 0 |a Vendeta 
910 |a UOG502 
942 |2 ddc  |c KN 
999 |d 106704 
993 |0 0  |1 421180107432  |2 ddc  |4 0  |7 0  |9 100210  |b 0  |c 107432  |d 2026-07-01  |e 1  |f DOSP  |h 399.00  |i Koupě  |l DOSP  |q 2026-08-13  |r 2026-07-02  |s 2026-07-02  |t 6  |w 2026-07-01  |y KN  |z KRIMI  |n